000 01834nam0a22003611 4500
001 v19\rc\1406619
005 20260601065740.0
035 _a(NLR Aleph) 005222912
090 _a5524029
_c5524029
100 _a20251123 rusy50
101 0 _arus
102 _aRU
105 _ay z |||||
200 1 _aЗначеніе византійских занятій в изученіи средневековой исторіи
_eвступительная лекція по всеобщей исторіи доцента Ф.И. Успенскаго
210 _aОдесса
_cтипография Ульриха Шульце
_d1875
215 _a20 с.
_d23
300 _aБез тит. л. Описано по обл.
309 _aБез тит. л.
311 _a"Из 16 т. Записок Императорского Новороссийского университета"
488 0 _12001#$aЗаписки Новороссийского университета$v1875, т. 16
_171002$3RU\NLR\AUTH\889939169$aНовороссийский университет$cОдесса
_tЗаписки Новороссийского университета
_aНовороссийский университет (Одесса)
518 1 _aЗначение византийских занятий в изучении средневековой истории
_zrus
700 1 _8rus
_7ca
_aУспенский
_bФ. И.
_cисторик
_f1845-1928
_gФедор Иванович
_3RU\NLR\AUTH\773448
_9113444
801 0 _aRU
_bNLR
_gpsbo
801 0 _aRU
_bRuMoRGB
_2psbo
801 1 _aRU
_bProSoft-M
_2rusmarc
801 2 _aRU
_bNLR
_c20100516
_2rusmarc
852 _aNLR
_j18.111.7.234
899 _aRuMoRGB
_jD 3/190
899 _aRuMoRGB
_jW 55/205
899 _aБАН
899 _aНБ СПбГУ
942 _cBOOK
980 _aNB